00701nam a2200229 a 450000100060000000300080000600500170001400800410003102000150007203500190008704000320010604100080013808200240014610000180017024500790018826000550026730000330032250400510035565000180040665000240042470000230044867199BD-RjUL20211209081627.0980416s1999 njua b 001 0 eng  a0133747034 a(BD-RjUL)67330 aDLCcDLCdDLCdBD-RjULbeng aeng00223a635.9bDOF 19991 aDole, John M.10aFloriculture :bprinciples and species /cJohn M. Dole, Harold F. Wilkins. aUpper Saddle River, N.J. :bPrentice Hall,cc1999. aix, 613 p. :bill. ;c29 cm. aIncludes bibliographical references and index. 0aFloriculture. 0aPlants, Ornamental.1 aWilkins, Harold F.